| 000 | 00853nas a2200277 4500 | ||
|---|---|---|---|
| 001 | BR9705048 | ||
| 003 | BR-BrBNA | ||
| 005 | 20231205100607.0 | ||
| 007 | ta | ||
| 008 | 230509b bl.|||p| |||| 00| 00por d | ||
| 040 |
_aBR-BrBNA _bpor _cBiblioteca Nacional de Agricultura |
||
| 041 | _a(Pt) | ||
| 072 | _aH20; H60 | ||
| 100 | 1 | _aLeite, R.M.V.B.C. | |
| 100 | 1 | _aLeite Junior, R.P. | |
| 100 | 1 | _aCeresini, P.C. | |
| 245 | 1 | _aHospedeiros alternativos de Xylella fastidiosa entre plantas invasoras de pomares de ameixeira com escaldadura da folha | |
| 650 | _aAmeixa | ||
| 650 | _aBacteria | ||
| 650 | _aEscaldadura | ||
| 650 | _aErva Daninha | ||
| 650 | _aElisa | ||
| 773 | 0 |
_tFitopatologia Brasileira (Brazil) _xISSN 0100-4158 _g(Mar 1997), v. 22(1) p. 54-57 _wBR9705048 |
|
| 909 |
_a202311 _bLúcia _c55 _dLúcia Elande |
||
| 942 |
_2AGRIS _n0 _cANA |
||
| 999 |
_c156888 _d156888 |
||